|
|
|
|
| LEADER |
00000cam a2200000Mu 4500 |
| 001 |
EBOOKCENTRAL_on1202463342 |
| 003 |
OCoLC |
| 005 |
20240329122006.0 |
| 006 |
m o d |
| 007 |
cr cnu---unuuu |
| 008 |
201031s2020 xx o ||| 0 eng d |
| 040 |
|
|
|a EBLCP
|b eng
|c EBLCP
|d YDX
|d N$T
|d OCLCF
|d OCLCO
|d OCLCQ
|d OCLCO
|d OCLCL
|
| 019 |
|
|
|a 1200307157
|a 1202465777
|a 1274528910
|
| 020 |
|
|
|a 9780429752438
|
| 020 |
|
|
|a 0429752431
|
| 020 |
|
|
|a 9780429752445
|q (electronic bk.)
|
| 020 |
|
|
|a 042975244X
|q (electronic bk.)
|
| 020 |
|
|
|z 1138389870
|
| 020 |
|
|
|z 9781138389878
|
| 035 |
|
|
|a (OCoLC)1202463342
|z (OCoLC)1200307157
|z (OCoLC)1202465777
|z (OCoLC)1274528910
|
| 050 |
|
4 |
|a RJ496.A25
|
| 082 |
0 |
4 |
|a 618.9285889
|2 23
|
| 049 |
|
|
|a UAMI
|
| 100 |
1 |
|
|a Lucangeli, Daniela.
|
| 245 |
1 |
0 |
|a Understanding Dyscalculia
|h [electronic resource] :
|b A Guide to Symptoms, Management and Treatment.
|
| 260 |
|
|
|a Milton :
|b Taylor & Francis Group,
|c 2020.
|
| 300 |
|
|
|a 1 online resource (167 p.).
|
| 490 |
1 |
|
|a Understanding Atypical Development Ser.
|
| 500 |
|
|
|a Description based upon print version of record.
|
| 505 |
0 |
|
|a Cover -- Half Title -- Series -- Title -- Copyright -- Contents -- Understanding Atypical Development: a book series for parents and practitioners -- 1 Introduction -- 2 What causes the disorder -- theories and perspectives -- 3 Developmental dyscalculia: signs and symptoms -- 4 Intervention programmes for students with dyscalculia: living with the condition -- 5 Interventions for children with developmental dyscalculia: parents, teachers and neuropsychologists working together -- 6 Understanding the impact of diagnosis: emotional well-being, peers and teachers
|
| 505 |
8 |
|
|a 7 Socio-cultural differences and sensitivities in the mathematics classroom -- 8 Conclusion -- Index
|
| 590 |
|
|
|a ProQuest Ebook Central
|b Ebook Central Academic Complete
|
| 650 |
|
0 |
|a Acalculia in children.
|
| 650 |
|
6 |
|a Acalculie chez l'enfant.
|
| 650 |
|
7 |
|a Acalculia in children
|2 fast
|
| 758 |
|
|
|i has work:
|a Understanding Dyscalculia (Text)
|1 https://id.oclc.org/worldcat/entity/E39PCYkHmWTXf8YpFBQQqDTQWP
|4 https://id.oclc.org/worldcat/ontology/hasWork
|
| 776 |
0 |
8 |
|i Print version:
|a Lucangeli, Daniela
|t Understanding Dyscalculia : A Guide to Symptoms, Management and Treatment
|d Milton : Taylor & Francis Group,c2020
|z 9781138389878
|
| 830 |
|
0 |
|a Understanding Atypical Development Ser.
|
| 856 |
4 |
0 |
|u https://ebookcentral.uam.elogim.com/lib/uam-ebooks/detail.action?docID=6371083
|z Texto completo
|
| 938 |
|
|
|a YBP Library Services
|b YANK
|n 16828489
|
| 938 |
|
|
|a ProQuest Ebook Central
|b EBLB
|n EBL6371083
|
| 938 |
|
|
|a YBP Library Services
|b YANK
|n 17008062
|
| 938 |
|
|
|a EBSCOhost
|b EBSC
|n 2649727
|
| 994 |
|
|
|a 92
|b IZTAP
|